00618nam a2200169 a 450000100100000000500170001000800410002702000150006804000250008310000370010824500500014526000340019530000210022950000700025095201110032099900170043100003969620201002033702.0130716s1997 mx 000 0 spa d a9681903366 aDO-SdBNPbspacBNPHU1 aRamírez Heredia, Rafael96589010aCon m de Marilyn /cRafael Ramírez Heredia. aMéxico :bAlfaguara,c1997. a287 p. ;c23 cm. aIncluye datos biográficos del autor en la solapa de la cubierta 001054708MOaGRbGRcCTd2013-07-16iLF1l0o p39696-10r2020-06-25w2020-06-25y4ZPréstamo en sala c39186d39186